000 02154nam0a2200397 4500
001 RU\NLR\BIBL_A\022622137
005 20260409064821.0
021 _aRU
029 1 0 _aRU
_b25-3.0-004-2024
_cСТО Газпром
035 _a(NLR Aleph) 022622137
090 _a13465505
_c13465505
100 _a20250915d2025 k y0rusy50 ca
101 0 _arus
102 _aRU
105 _ay l 000|y
181 0 _ai
_baxxe
182 0 _an
200 9 _aЭксплуатация объектов переработки углеводородного сырья и производства сжиженного природного газа
_iФормирование карт хранения комовой и гранулированной серы
_iПравила организации заполнения и разработки серных карт
_eСТО Газпром 25-3.0-004-2024
_fРазработан Научно-исследовательским институтом природных газов и газовых технологий - Газпром ВНИИГАЗ (ООО " Газпром ВНИИГАЗ")
203 _aТекст
_bвизуальный
_cнепосредственный
205 _aИзд. офиц.
210 _aСанкт-Петербург
_cГазпром экспо
_d2025
215 _aIV, 13 с.
_d29
225 1 _aСтандарт организации
_fГазпром
239 _aВвед. 22.04.2024
320 _aБиблиогр.: с. 12 (5 назв.)
517 1 _aСТО Газпром 25-3.0-004-2024
606 1 _aСера
_jСтандарты
_xХранение
_92382357
_3RU\NLR\AUTH\6601642196
686 _v2000
_2oks
686 1 _aЛ212я861
712 0 2 _4725
_a"Газпром", публичное акционерное общество
_cСанкт-Петербург
_3RU\NLR\AUTH\880565471
_9797898
712 0 2 _4900
_aНИИ природных газов и газовых технологий
_cСанкт-Петербург
_3RU\NLR\AUTH\880619350
_92688255
942 _cBOOK
980 _aNB